000 00571nam a2200205 a 4500
005 20240911064746.0
008 991125s1981 mx 000 0 spa u
020 _a9684340346
035 _aUPN01000036941
049 _aCG
050 4 _aHX59
_bC3.48 1981
100 1 _aCallinicos, Alex Theodore,
_d1950-
_936766
245 1 3 _aEl marxismo de Althusser /
_cAlex Callinicos ; tr. Héctor Acosta.
250 _a2a ed.
260 _aMéxico :
_bPremiá,
_c1981.
300 _a116 p.
440 3 _aLa red de Jonás.
_pEnsayo
650 4 _aComunismo
_96792
905 _aLibro
999 _c36941
_d36941